Teoretické výpočty systémov od desiatich atómov po stovky atómov, od jednoduchých molekúl po bioštruktúry

Saved in:
Bibliographic Details
Main Author: Michaleje, Paulína (Author)
Other Authors: Bučinský, Lukáš (Thesis advisor)
Format: Manuscript Book
Language:Slovak
Published: 2016
Subjects:
Online Access:http://is.stuba.sk/zp/portal_zp.pl?podrobnosti=101215
Tags: Add Tag
No Tags, Be the first to tag this record!

MARC

LEADER 00000ntm a22000003a 4500
001 stuzp51857
003 SK-STU
005 20160719154003.4
007 ta
008 150427s2015----xo-----f-mn---000-0-slo-d
040 |a STU  |b slo 
041 0 |a slo 
100 1 |a Michaleje, Paulína  |u 045280  |4 aut  |U FCHPT Ústav fyzikálnej chémie a chemickej fyziky  |T FCHPT Oddelenie chemickej fyziky  |X 60414  |U C5280  |Y 118  |7 60414 
242 0 1 |a Theoretical calculations of systems in scale of ten to hundreds atoms, from simple molecules to biostructures  |y eng 
245 1 0 |a Teoretické výpočty systémov od desiatich atómov po stovky atómov, od jednoduchých molekúl po bioštruktúry 
260 |c 2016 
650 4 |a bioštruktúra  |2 slo 
650 4 |a kvantová mechanika  |2 slo 
650 4 |a molekulová mechanika  |2 slo 
650 4 |a molecular mechanics  |2 eng 
650 4 |a biostructure  |2 eng 
650 4 |a quantum mechanics  |2 eng 
700 1 |a Bučinský, Lukáš  |u 045280  |k Z1  |4 ths  |U FCHPT Ústav fyzikálnej chémie a chemickej fyziky  |T FCHPT Oddelenie chemickej fyziky  |X 19736  |U C5280  |Y 118  |7 A000019736 
856 4 |u http://is.stuba.sk/zp/portal_zp.pl?podrobnosti=101215 
SQL |a stuzp51857  |b DBP  |c SLO  |d Teoretické výpočty systémov od desiatich atómov po stovky atómov, od jednoduchých molekúl po bioštruktúry  |e 60414  |f Michaleje, Paulína  |g 045280  |h 19736  |i Bučinský, Lukáš  |j 20160711  |k 752  |l 04  |m http://is.stuba.sk/zp/portal_zp.pl?podrobnosti=101215  |n B-BIOPOT  |o 5.2.25. biotechnológie